[Event "12sen.WM-H Naumburg"]
[Site "Naumburg/Saale(20.10.-03.11.)"]
[Date "2002.10.30"]
[Round "8"]
[White "Schulz, Wolfgang[32Hamb]"]
[Black "Marzoll, Wolfgang"]
[Result "1/2-1/2"]
[WhiteElo "2117"]
[BlackElo "2325"]
[PlyCount "129"]
[EventDate "2002.11.??"]

1. e4 g6 2. d4 Bg7 3. Nc3 c6 4. Be3 d5 5. Qd2 Nf6 6. e5 Ng4 7. Bf4 f6 8. exf6
Nxf6 9. Bd3 O-O 10. Nf3 Nbd7 11. O-O-O Ng4 12. Bg5 Rf7 13. h3 Ngf6 14. Bf4 Nh5
15. Bh6 Qc7 16. Bxg7 Nxg7 17. Rhe1 e6 18. Ne5 Nxe5 19. Rxe5 c5 20. Nb5 Qb6 21.
c4 cxd4 22. cxd5 a6 23. Na3 Qc7+ 24. Nc4 exd5 25. Rxd5 b5 26. Qg5 Ne6 27. Qg3
Qxg3 28. fxg3 bxc4 29. Bxc4 Rc7 30. b3 Kg7 31. Re1 Kf6 32. Rf1+ Kg7 33. Re1
Raa7 34. Rd6 Nc5 35. Rxd4 Be6 36. Kb1 Bxc4 37. Rxc4 Nd3 38. Ree4 Rxc4 39. Rxc4
Ne1 40. b4 Rb7 41. Kb2 a5 42. Kc3 axb4+ 43. Rxb4 Re7 44. a4 Nxg2 45. a5 Ne3 46.
Ra4 Nd5+ 47. Kd4 Nc7 48. a6 Rf7 49. Ke4 Nb5 50. Rb4 Rf5 51. g4 Rc5 52. Kf4 g5+
53. Kg3 Kf6 54. Ra4 Na7 55. Ra3 Ke6 56. h4 h6 57. hxg5 hxg5 58. Re3+ Re5 59.
Rb3 Ra5 60. Rb6+ Ke5 61. Kg2 Ra2+ 62. Kg3 Ra3+ 63. Kg2 Ra4 64. Kg3 Ra5 65. Kf3
1/2-1/2

[Event "12sen.WM-H Naumburg"]
[Site "Naumburg/Saale(20.10.-03.11.)"]
[Date "2002.10.30"]
[Round "8"]
[White "Schumacher, Ursula"]
[Black "Kuczmera, Manfred"]
[Result "1/2-1/2"]
[WhiteElo "1528"]
[BlackElo "1608"]
[PlyCount "52"]
[EventDate "2002.11.??"]

1. c4 Nf6 2. Nc3 c5 3. Nf3 e6 4. g3 d5 5. cxd5 exd5 6. e3 Be7 7. Bg2 Nc6 8. d4
cxd4 9. Nxd4 Rb8 10. O-O O-O 11. a3 Re8 12. Re1 Bf8 13. b4 Nxd4 14. Qxd4 Be6
15. Qxa7 Qd7 16. Qa4 Rec8 17. Bb2 Rc4 18. Qd1 d4 19. exd4 Rxd4 20. Qc2 Rd2 21.
Rad1 Rd8 22. Rxd2 Qxd2 23. Qxd2 Rxd2 24. Na4 Ng4 25. Bc3 Rc2 26. Bd4 Rd2
1/2-1/2

[Event "12sen.WM-H Naumburg"]
[Site "Naumburg/Saale(20.10.-03.11.)"]
[Date "2002.10.30"]
[Round "8"]
[White "Schwagrowski, Bernd"]
[Black "Melzig, Ernst"]
[Result "1-0"]
[WhiteElo "1543"]
[BlackElo "1405"]
[PlyCount "113"]
[EventDate "2002.11.??"]

1. Nf3 d6 2. d4 Nf6 3. Nc3 Bg4 4. e4 Nbd7 5. Be2 Bxf3 6. Bxf3 e5 7. d5 c6 8.
O-O Be7 9. Be3 cxd5 10. exd5 O-O 11. Qd3 Nc5 12. Bxc5 dxc5 13. Rfd1 Bd6 14. Nb5
a6 15. Nxd6 Qxd6 16. c4 Rab8 17. a4 Rfe8 18. Be4 Nxe4 19. Qxe4 g6 20. a5 b5 21.
axb6 Rxb6 22. Qc2 e4 23. Ra3 f5 24. Re1 Re5 25. h4 h6 26. Rh3 Rb4 27. b3 Rb7
28. Qd2 Rh7 29. Rhe3 g5 30. h5 g4 31. f3 gxf3 32. gxf3 Rg7+ 33. Kf2 Qd8 34. Rg1
Qh4+ 35. Kf1 Qh3+ 36. Qg2 Qxg2+ 37. Rxg2 Rxg2 38. Kxg2 Re8 39. fxe4 fxe4 40.
Kf2 Kf7 41. Rg3 Re5 42. Rh3 Re8 43. Ke3 Kf6 44. Rg3 Rb8 45. Kxe4 Re8+ 46. Kf4
Rb8 47. Rg6+ Kf7 48. Rxh6 Rxb3 49. Rc6 Rh3 50. Kg4 Rc3 51. Rxc5 a5 52. Rc7+ Ke8
53. h6 Rc1 54. h7 Rg1+ 55. Kf5 Rf1+ 56. Ke6 Kd8 57. Ra7 1-0

[Event "12sen.WM-H Naumburg"]
[Site "Naumburg/Saale(20.10.-03.11.)"]
[Date "2002.10.30"]
[Round "8"]
[White "Schwichtenberg, Juergen"]
[Black "Lundberg, Gunnar"]
[Result "1/2-1/2"]
[WhiteElo "1633"]
[BlackElo "1972"]
[PlyCount "64"]
[EventDate "2002.11.??"]

1. b4 e5 2. b5 d5 3. e3 Nf6 4. Bb2 Bd6 5. Nf3 Qe7 6. Be2 O-O 7. d4 e4 8. Nfd2
c6 9. a4 Nbd7 10. c4 c5 11. O-O cxd4 12. Bxd4 Be5 13. Nb3 Bxd4 14. Nxd4 dxc4
15. Bxc4 Ne5 16. Be2 Rd8 17. Qb3 Bg4 18. Bxg4 Nfxg4 19. h3 Nf6 20. Nc3 Rac8 21.
Rfc1 Nd3 22. Rc2 Nc5 23. Qa2 Qe5 24. Nce2 Nd5 25. Rb1 Nd3 26. Rb3 N5b4 27. Rxc8
Rxc8 28. Qd2 Nd5 29. Nc3 N5b4 30. Nce2 Nd5 31. Nc3 g5 32. Nde2 Nxc3 1/2-1/2

[Event "12sen.WM-H Naumburg"]
[Site "Naumburg/Saale(20.10.-03.11.)"]
[Date "2002.10.30"]
[Round "8"]
[White "Smits, Oswald"]
[Black "Rost, Wolfgang_Dr"]
[Result "1/2-1/2"]
[WhiteElo "1619"]
[BlackElo "1839"]
[PlyCount "95"]
[EventDate "2002.11.??"]

1. Nf3 e6 2. c4 f5 3. b3 Nf6 4. Bb2 Be7 5. g3 d5 6. Bg2 O-O 7. O-O c6 8. d3 Bd7
9. Nbd2 Be8 10. Qc2 Na6 11. Rad1 Bh5 12. Rfe1 Rc8 13. e4 Nb4 14. Qb1 Nxd3 15.
Qxd3 fxe4 16. Qe2 Bb4 17. h3 Bxd2 18. Rxd2 exf3 19. Bxf3 Bxf3 20. Qxf3 Qd7 21.
Qc3 Qf7 22. f3 Rce8 23. Qe3 b5 24. cxb5 cxb5 25. Bd4 Nd7 26. Kg2 a6 27. Bc3 Rc8
28. Bb2 Rfe8 29. Qd4 Rc6 30. Rdd1 Rec8 31. Re2 Rc2 32. Rxc2 Rxc2+ 33. Rd2 Rxd2+
34. Qxd2 e5 35. Qc2 Qe6 36. Qc8+ Kf7 37. Qc2 e4 38. fxe4 Qxe4+ 39. Qxe4 dxe4
40. Kf2 Ke6 41. a4 Ne5 42. Bc3 b4 43. Bd2 a5 44. Bg5 Kf5 45. Bd8 Nc6 46. Bb6
Ke5 47. Ke3 h5 48. Kf2 1/2-1/2

[Event "12sen.WM-H Naumburg"]
[Site "Naumburg/Saale(20.10.-03.11.)"]
[Date "2002.10.30"]
[Round "8"]
[White "Theuermeister, Peter"]
[Black "Rubinstein, Mark"]
[Result "0-1"]
[WhiteElo "1728"]
[BlackElo "2012"]
[PlyCount "149"]
[EventDate "2002.11.??"]

1. d4 Nf6 2. Nf3 g6 3. c4 Bg7 4. Nc3 O-O 5. Bg5 h6 6. Bf4 d6 7. e4 Nh5 8. Be3
e5 9. Be2 Nc6 10. Qd2 Kh7 11. O-O-O a6 12. dxe5 dxe5 13. Qxd8 Nxd8 14. h3 c6
15. Bb6 Ne6 16. Rd2 Nhf4 17. Bf1 g5 18. g3 Ng6 19. Be2 Bf6 20. Rhd1 Ng7 21. Rh1
Be6 22. h4 gxh4 23. Nxh4 Bg5 24. Be3 Bxe3 25. fxe3 Rad8 26. Rxd8 Rxd8 27. Nf3
f6 28. Nd1 Ne7 29. Nf2 b5 30. b3 Kg6 31. g4 Rh8 32. Nh4+ Kf7 33. Nf5 Nexf5 34.
exf5 Bc8 35. Ne4 h5 36. Nd6+ Ke7 37. c5 Bd7 38. e4 h4 39. Rh3 Ne8 40. Nb7 Nc7
41. b4 Be8 42. Na5 Bf7 43. Kb2 Kd7 44. Rd3+ Kc8 45. Bf1 Ne8 46. Rh3 Kc7 47. Be2
Bg8 48. Bd1 Bc4 49. a3 Bf1 50. Rh2 h3 51. Nb3 Ng7 52. Nd2 Bg2 53. Bf3 Rd8 54.
Kc3 Bxf3 55. Nxf3 Rd1 56. Rxh3 Ne8 57. Rg3 Ra1 58. Kb2 Rf1 59. Nd2 Rf2 60. Kc2
Ng7 61. Kd3 Rh2 62. Ke3 Kd7 63. Nf3 Ra2 64. Rh3 Rxa3+ 65. Kf2 Ke8 66. Rh8+ Ke7
67. Rc8 Rb3 68. Rxc6 Rxb4 69. Rxa6 Rxe4 70. Ra7+ Kf8 71. c6 Rc4 72. c7 Ne8 73.
Nh4 Rxc7 74. Rxc7 Nxc7 75. Ke3 0-1

[Event "12sen.WM-H Naumburg"]
[Site "Naumburg/Saale(20.10.-03.11.)"]
[Date "2002.10.30"]
[Round "8"]
[White "Till, Heinz"]
[Black "Rauscher, Erwin"]
[Result "1-0"]
[WhiteElo "1389"]
[BlackElo "1579"]
[PlyCount "63"]
[EventDate "2002.11.??"]

1. e4 c5 2. Nc3 d6 3. Nf3 Nc6 4. d4 cxd4 5. Nxd4 Bd7 6. Nxc6 Bxc6 7. Bd3 g6 8.
O-O Bg7 9. Ne2 Nf6 10. Ng3 O-O 11. c4 Rc8 12. Rb1 Nd7 13. b3 h5 14. f4 Nc5 15.
Bc2 h4 16. Ne2 Nxe4 17. Qd3 Nc5 18. Qh3 e6 19. Be3 b6 20. Nd4 Be4 21. Bxe4 Nxe4
22. Nf3 Qe7 23. Qg4 Nc3 24. Rb2 Ne4 25. Rc2 Rfd8 26. Ng5 d5 27. Qxh4 e5 28. Bc1
Rc7 29. Be3 Rdc8 30. Rfc1 Nxg5 31. fxg5 Qe6 32. cxd5 1-0

[Event "12sen.WM-H Naumburg"]
[Site "Naumburg/Saale(20.10.-03.11.)"]
[Date "2002.10.30"]
[Round "8"]
[White "Titz, Herbert"]
[Black "Ivanets, Vladimir[39Russl]"]
[Result "0-1"]
[WhiteElo "2089"]
[BlackElo "2287"]
[PlyCount "95"]
[EventDate "2002.11.??"]

1. d4 b5 2. Nf3 Nf6 3. e3 a6 4. c4 bxc4 5. Bxc4 e6 6. O-O Be7 7. Nc3 d5 8. Bd3
c5 9. dxc5 Bxc5 10. b4 Bd6 11. b5 O-O 12. e4 Bb4 13. Bb2 Bxc3 14. Bxc3 dxe4 15.
Bxf6 Qxd3 16. Qxd3 exd3 17. Bc3 axb5 18. Rfd1 Rd8 19. Ne5 f6 20. Nxd3 Ra3 21.
Nb2 Rxd1+ 22. Nxd1 Na6 23. Bb2 Rd3 24. Rc1 Bb7 25. Kf1 Bd5 26. Ke2 Bc4 27. Ne3
Rc3+ 28. Nxc4 Rxc4 29. Rxc4 bxc4 30. Ke3 e5 31. f4 exf4+ 32. Kxf4 Nb4 33. Ke4
Nxa2 34. Kd4 c3 35. Bxc3 Nxc3 36. Kxc3 Kf7 37. Kd3 Ke6 38. Ke4 h5 39. h4 g5 40.
hxg5 fxg5 41. Ke3 Kf5 42. Kf3 h4 43. Ke3 Kg4 44. Kf2 Kf4 45. Kf1 Kg3 46. Kg1 g4
47. Kh1 Kf2 48. Kh2 0-1

[Event "12sen.WM-H Naumburg"]
[Site "Naumburg/Saale(20.10.-03.11.)"]
[Date "2002.10.30"]
[Round "8"]
[White "Tschirky, Werner"]
[Black "Schoenegg, Werner"]
[Result "1/2-1/2"]
[WhiteElo "1652"]
[BlackElo "2015"]
[PlyCount "104"]
[EventDate "2002.11.??"]

1. e4 d6 2. d4 Nf6 3. Nc3 g6 4. Nf3 Bg7 5. Be2 c5 6. dxc5 Qa5 7. Bd2 Qxc5 8.
O-O O-O 9. h3 Bd7 10. Bd3 Qc8 11. Re1 Nc6 12. a3 h5 13. e5 dxe5 14. Nxe5 Nxe5
15. Rxe5 Nh7 16. Re1 Bd4 17. Re2 Bxh3 18. gxh3 Qxh3 19. Qf1 Qh4 20. Re4 Qg3+
21. Kh1 Bxf2 22. Qg2 Qxg2+ 23. Kxg2 Bc5 24. b4 Bd6 25. Nb5 Nf6 26. Re2 Ng4 27.
Nxd6 exd6 28. Bf4 d5 29. Rae1 b6 30. Re7 b5 31. Bxb5 a5 32. bxa5 Rxa5 33. a4
Nf6 34. Bg5 Ne4 35. Bh6 Rc8 36. Re8+ Rxe8 37. Bxe8 Rc5 38. Re2 g5 39. Bb5 g4
40. c4 h4 41. cxd5 h3+ 42. Kh2 f5 43. Bf4 Kf7 44. d6 Kf6 45. d7 Rd5 46. Bc7 g3+
47. Kxh3 Ng5+ 48. Kg2 Nf7 49. d8=Q+ Nxd8 50. Bxd8+ Rxd8 51. Kxg3 Rg8+ 52. Kf3
Rc8 1/2-1/2

[Event "12sen.WM-H Naumburg"]
[Site "Naumburg/Saale(20.10.-03.11.)"]
[Date "2002.10.30"]
[Round "8"]
[White "Villing, Dieter"]
[Black "Kraemer, Franz_Josef"]
[Result "1-0"]
[WhiteElo "2183"]
[BlackElo "1801"]
[PlyCount "118"]
[EventDate "2002.11.??"]

1. e4 e5 2. Bc4 Nc6 3. Nf3 Be7 4. c3 Bf6 5. d4 d6 6. h3 Bd7 7. Be3 Na5 8. Be2
b5 9. Nbd2 a6 10. O-O Ne7 11. Nh2 exd4 12. cxd4 Nec6 13. d5 Ne5 14. Rc1 Nec4
15. Nxc4 Nxc4 16. Bxc4 bxc4 17. Re1 Bxb2 18. Rxc4 Bb5 19. Rc2 Ba4 20. Qb1 Bf6
21. Rc4 Bb5 22. Rcc1 O-O 23. Nf3 Rb8 24. Qc2 Rb7 25. Bd4 Re8 26. Qc3 Bxd4 27.
Nxd4 Bd7 28. Nc6 Bxc6 29. Qxc6 Ra7 30. Rb1 Qa8 31. Qa4 f6 32. Rec1 Re7 33. Rc6
Qe8 34. f3 Kf7 35. Qd4 Qa8 36. a4 Re8 37. Qc4 Re7 38. Kh2 Ke8 39. a5 Kd8 40.
Qd3 Ke8 41. f4 Kf7 42. e5 dxe5 43. Qxh7 Qd8 44. Qd3 exf4 45. Qd4 Ra8 46. d6
cxd6 47. Qd5+ Kg6 48. Rbb6 Re5 49. Qd3+ Kg5 50. Rxd6 Qh8 51. Rd7 g6 52. Rf7 Rd8
53. Qf3 Qh4 54. Rfxf6 Qg3+ 55. Qxg3+ fxg3+ 56. Kxg3 Rd3+ 57. Kh2 Rxa5 58. Rxg6+
Kf5 59. Rxa6 Rad5 1-0

[Event "12sen.WM-H Naumburg"]
[Site "Naumburg/Saale(20.10.-03.11.)"]
[Date "2002.10.30"]
[Round "8"]
[White "Viner, Phillip"]
[Black "Schwertel, Johann"]
[Result "1-0"]
[WhiteElo "2175"]
[BlackElo "2061"]
[PlyCount "49"]
[EventDate "2002.11.??"]

1. d4 d5 2. c4 c6 3. cxd5 cxd5 4. Nc3 Nc6 5. Nf3 e6 6. Bf4 Bd6 7. Bg3 Nf6 8. e3
Ne4 9. Nxe4 dxe4 10. Bxd6 exf3 11. Ba3 Qa5+ 12. Qd2 fxg2 13. Bxg2 Bd7 14. Rc1
Qxd2+ 15. Kxd2 Rc8 16. Rhg1 g6 17. Rc5 O-O 18. Rgc1 Rfd8 19. f4 Kg7 20. b3 f6
21. Ke1 Be8 22. b4 Bd7 23. b5 Na5 24. Rc7 Kf7 25. Rxd7+ 1-0

[Event "12sen.WM-H Naumburg"]
[Site "Naumburg/Saale(20.10.-03.11.)"]
[Date "2002.10.30"]
[Round "8"]
[White "Weigel, Helmut"]
[Black "Burreh, Heinz"]
[Result "0-1"]
[WhiteElo "1581"]
[BlackElo "1826"]
[PlyCount "56"]
[EventDate "2002.11.??"]

1. d4 d5 2. c4 c6 3. e3 Bf5 4. Nc3 e6 5. Nf3 h6 6. Bd2 Nf6 7. cxd5 exd5 8. Be2
Bd6 9. h3 O-O 10. O-O Re8 11. Ne1 Nbd7 12. Bd3 Ne4 13. Bc1 Qg5 14. Nf3 Qf6 15.
Re1 Qe6 16. Nh4 Bxh3 17. f4 Bg4 18. Nf3 Ndf6 19. Rf1 Ng3 20. Qc2 Nxf1 21. Kxf1
Bxf3 22. gxf3 Qh3+ 23. Qg2 Qxg2+ 24. Kxg2 a6 25. Bd2 c5 26. dxc5 Bxc5 27. e4
dxe4 28. fxe4 Rad8 0-1

[Event "12sen.WM-H Naumburg"]
[Site "Naumburg/Saale(20.10.-03.11.)"]
[Date "2002.10.30"]
[Round "8"]
[White "Weigel, Max"]
[Black "Stock, Hugo"]
[Result "0-1"]
[WhiteElo "1579"]
[BlackElo "1684"]
[PlyCount "104"]
[EventDate "2002.11.??"]

1. Nf3 Nf6 2. e3 g6 3. d4 d6 4. c4 Bg7 5. Nc3 O-O 6. Bd3 Nbd7 7. O-O Re8 8. Qc2
e5 9. Bd2 Nf8 10. h3 Bd7 11. Rfe1 Qc8 12. Bf1 e4 13. Nh2 c6 14. Ne2 d5 15. b3
Ne6 16. Rac1 Nc7 17. Kh1 Be6 18. Ng1 h5 19. Be2 Bh6 20. Rf1 Kg7 21. Qd1 Rh8 22.
f4 exf3 23. Bxf3 Ne4 24. Bxe4 dxe4 25. Bc3 Bf5 26. Qe2 f6 27. Rcd1 Qe6 28. Be1
Bg5 29. Qf2 Raf8 30. Ne2 Qf7 31. h4 Bh6 32. Qg3 Kh7 33. Bd2 Rhg8 34. Nc3 Re8
35. Qf2 Bg7 36. Rg1 Qd7 37. Nf1 Bg4 38. Re1 f5 39. Ng3 Bf6 40. Nf1 Qd8 41. g3
Bf3+ 42. Kh2 g5 43. Ne2 gxh4 44. Nf4 Kh6 45. Kh3 Rg4 46. Nh2 hxg3 47. Qxg3
Rxg3+ 48. Rxg3 Bg4+ 49. Kg2 Bh4 50. Kf2 Rg8 51. Reg1 Bf3 52. Nxf3 Bxg3+ 0-1

[Event "12sen.WM-H Naumburg"]
[Site "Naumburg/Saale(20.10.-03.11.)"]
[Date "2002.10.30"]
[Round "8"]
[White "Wiebke, Elfriede"]
[Black "Farin, Friedrich"]
[Result "0-1"]
[WhiteElo "1150"]
[BlackElo "1324"]
[PlyCount "68"]
[EventDate "2002.11.??"]

1. e4 d6 2. d4 Nf6 3. Nc3 g6 4. Nf3 Bg7 5. h3 h5 6. Bc4 Nbd7 7. O-O c6 8. Re1
O-O 9. e5 dxe5 10. dxe5 Ne8 11. Ng5 b5 12. Bb3 Qb6 13. e6 fxe6 14. Bxe6+ Kh8
15. Nf7+ Kh7 16. Ng5+ Kh8 17. Bf7 Ne5 18. Be3 Qc7 19. Be6 Nd6 20. Bd4 Nf5 21.
Bxe5 Bxe5 22. Nf7+ Kg7 23. Rxe5 Bxe6 24. Rxe6 Rxf7 25. Ne4 Rd8 26. Qf3 Nd4 27.
Qa3 b4 28. Qg3 Ne2+ 29. Kf1 Nxg3+ 30. Nxg3 Qxg3 31. Re2 Rdf8 32. Kg1 Rxf2 33.
Rxe7+ Kh6 34. Rae1 Qxg2# 0-1

[Event "12sen.WM-H Naumburg"]
[Site "Naumburg/Saale(20.10.-03.11.)"]
[Date "2002.10.30"]
[Round "8"]
[White "Wilke, Dieter_Dr"]
[Black "Piastowski, Kurt"]
[Result "1/2-1/2"]
[WhiteElo "1964"]
[BlackElo "1887"]
[PlyCount "46"]
[EventDate "2002.11.??"]

1. d4 d6 2. c4 e5 3. Nf3 exd4 4. Nxd4 Nf6 5. Nc3 Bd7 6. e4 Nc6 7. Be2 g6 8. Bg5
h6 9. Be3 Bg7 10. f3 a6 11. Qd2 Nxd4 12. Bxd4 Rg8 13. O-O-O h5 14. Rhe1 Be6 15.
Nd5 Bxd5 16. exd5 Kf8 17. Qc3 Nd7 18. f4 Bxd4 19. Qxd4 Qf6 20. Bf3 Qxd4 21.
Rxd4 Re8 22. Rde4 Rxe4 23. Rxe4 f5 1/2-1/2

[Event "12sen.WM-H Naumburg"]
[Site "Naumburg/Saale(20.10.-03.11.)"]
[Date "2002.10.30"]
[Round "8"]
[White "Wunderer, Eckart"]
[Black "Jaeger, Erich[30Neust]"]
[Result "1/2-1/2"]
[WhiteElo "2206"]
[BlackElo "1837"]
[PlyCount "37"]
[EventDate "2002.11.??"]

1. e4 c5 2. Nf3 e6 3. d3 g6 4. c3 Bg7 5. Be2 Nc6 6. Qc2 d5 7. O-O Nge7 8. Bg5
h6 9. Bh4 O-O 10. Nbd2 g5 11. Bg3 Ng6 12. h3 b6 13. Rad1 Nf4 14. Rfe1 Nxe2+ 15.
Rxe2 f5 16. exf5 exf5 17. Rde1 f4 18. Bh2 Bf5 19. Qa4 1/2-1/2

[Event "12sen.WM-H Naumburg"]
[Site "Naumburg/Saale(20.10.-03.11.)"]
[Date "2002.10.30"]
[Round "8"]
[White "Zhukov, Viktor"]
[Black "Waisberg, Arnold"]
[Result "1/2-1/2"]
[WhiteElo "2220"]
[BlackElo "2063"]
[PlyCount "82"]
[EventDate "2002.11.??"]

1. e4 e5 2. Nf3 Nc6 3. Bb5 Bc5 4. O-O Nge7 5. c3 Bb6 6. d4 exd4 7. cxd4 d5 8.
exd5 Nxd5 9. Bg5 Qd6 10. Re1+ Be6 11. Nc3 O-O 12. Qd2 h6 13. Bxc6 bxc6 14. Ne4
Qb4 15. Bxh6 Qxd2 16. Bxd2 Rfe8 17. a3 Bf5 18. Nc5 f6 19. Nh4 Bh7 20. h3 Kf7
21. Rac1 Rxe1+ 22. Rxe1 Rd8 23. Nf3 Ne7 24. Bf4 Nf5 25. Be3 Rd5 26. b4 a5 27.
Rc1 axb4 28. axb4 Ne7 29. Ra1 Bxc5 30. bxc5 Rd8 31. Ra7 Nd5 32. Ra6 Nb4 33. Ra7
Nd5 34. Nd2 Bd3 35. Kh2 Rb8 36. Kg3 Rb2 37. Nf3 Re2 38. Ng1 Re1 39. Nf3 Re2 40.
Ng1 Re1 41. Nf3 Re2 1/2-1/2

[Event "12sen.WM-H Naumburg"]
[Site "Naumburg/Saale(20.10.-03.11.)"]
[Date "2002.10.30"]
[Round "8"]
[White "Zoltek, Tadeuz"]
[Black "Krueger, Erich"]
[Result "1/2-1/2"]
[WhiteElo "2317"]
[BlackElo "2223"]
[PlyCount "82"]
[EventDate "2002.11.??"]

1. Nf3 Nf6 2. c4 g6 3. g3 Bg7 4. Bg2 O-O 5. O-O d6 6. Nc3 e5 7. d3 Nc6 8. Rb1
a5 9. a3 Re8 10. Ne1 Be6 11. b4 axb4 12. axb4 d5 13. b5 Ne7 14. cxd5 Nexd5 15.
Bb2 Nxc3 16. Bxc3 Nd5 17. Bd2 Qd7 18. Qc2 Rac8 19. Bh1 Bh3 20. Ng2 f5 21. Qc4
Kh8 22. Rfc1 f4 23. Nh4 Nb6 24. Qc2 fxg3 25. hxg3 Nd5 26. Qc4 Be6 27. Qe4 c6
28. bxc6 bxc6 29. Nf3 Bf5 30. Qc4 e4 31. Ng5 e3 32. Bxe3 h6 33. Bxd5 cxd5 34.
Qh4 Rxc1+ 35. Rxc1 d4 36. Bf4 Kg8 37. Nf3 g5 38. Nxg5 hxg5 39. Qxg5 Qe6 40. Rc7
Bg6 41. Rc5 Bf7 1/2-1/2

[Event "12sen.WM-H Naumburg"]
[Site "Naumburg/Saale(20.10.-03.11.)"]
[Date "2002.10.30"]
[Round "8"]
[White "Zurel, Maxim"]
[Black "Rychlik, Kurt"]
[Result "0-1"]
[WhiteElo "1777"]
[BlackElo "2078"]
[PlyCount "77"]
[EventDate "2002.11.??"]

1. e4 g6 2. Nf3 Bg7 3. d4 d6 4. Bd3 c5 5. O-O cxd4 6. Bb5+ Bd7 7. Bxd7+ Qxd7 8.
Nxd4 Nc6 9. c3 Nf6 10. Re1 O-O 11. Na3 Rfd8 12. Nac2 Rac8 13. Bd2 Ne5 14. b3 d5
15. f3 dxe4 16. fxe4 Nd3 17. Re3 Nc5 18. e5 Nd5 19. Re2 Ne6 20. Nxe6 Qxe6 21.
Nd4 Qb6 22. Qe1 e6 23. Kh1 Rd7 24. c4 Qxd4 25. cxd5 Rxd5 26. Be3 Qxe5 27. Rb1
a6 28. Bg1 Qd6 29. h3 e5 30. Rc1 Rxc1 31. Qxc1 Rd1 32. Qc8+ Bf8 33. Qc2 Qd4 34.
Rf2 Bc5 35. Kh2 Qd6 36. Rf1 e4+ 37. g3 Rd2+ 38. Rf2 Rxc2 39. Rxc2 0-1

[Event "12sen.WM-H Naumburg"]
[Site "Naumburg/Saale(20.10.-03.11.)"]
[Date "2002.10.31"]
[Round "9"]
[White "Achenbach, Manfred"]
[Black "Boeven, Manfred"]
[Result "1/2-1/2"]
[WhiteElo "2040"]
[BlackElo "2154"]
[PlyCount "82"]
[EventDate "2002.11.??"]

1. e4 c5 2. d4 cxd4 3. c3 Nf6 4. e5 Nd5 5. cxd4 e6 6. Nc3 Nxc3 7. bxc3 Qc7 8.
Bd2 b6 9. Nf3 Be7 10. Bd3 Ba6 11. Bxa6 Nxa6 12. O-O O-O 13. Qe2 Qb7 14. c4 Nc7
15. Ng5 f6 16. Ne4 fxe5 17. dxe5 Rf5 18. f4 Na6 19. Rad1 Nc5 20. Ng3 Rf7 21.
Be3 Raf8 22. Qc2 g6 23. Kh1 Qc6 24. Kg1 Rc8 25. Ne2 Nb7 26. Kh1 Bc5 27. Bc1 d6
28. Bb2 dxe5 29. Bxe5 Bf8 30. Rc1 Bg7 31. Nd4 Qd7 32. Nf3 Nc5 33. Rcd1 Qb7 34.
Rd4 Rd7 35. Rfd1 Rcd8 36. Bxg7 Kxg7 37. Rxd7+ Rxd7 38. Re1 Nd3 39. Rxe6 Nxf4
40. Re1 Re7 41. Qc3+ Kg8 1/2-1/2

[Event "12sen.WM-H Naumburg"]
[Site "Naumburg/Saale(20.10.-03.11.)"]
[Date "2002.10.31"]
[Round "9"]
[White "Asmundsson, Ingvar"]
[Black "Karasev, Vladimir"]
[Result "1-0"]
[WhiteElo "2358"]
[BlackElo "2450"]
[PlyCount "197"]
[EventDate "2002.11.??"]

1. e4 c5 2. Nf3 e6 3. d4 cxd4 4. Nxd4 a6 5. Bd3 Nf6 6. O-O d6 7. c4 Be7 8. Nc3
Qc7 9. Be3 Nbd7 10. f4 b6 11. Rc1 h6 12. b4 Bb7 13. a3 Rc8 14. f5 e5 15. Nd5
Qd8 16. Nb3 O-O 17. Qf3 Re8 18. Nd2 Bc6 19. Nc3 Bf8 20. Rfd1 Qc7 21. Bf2 Qb8
22. Qe2 Rc7 23. Nf1 Rec8 24. Be3 Qa8 25. Ng3 b5 26. Nd5 Rb7 27. Nh5 Bxd5 28.
cxd5 Nxh5 29. Qxh5 Nf6 30. Qe2 Rbc7 31. Rxc7 Rxc7 32. Rc1 Rxc1+ 33. Bxc1 Be7
34. Be3 Nd7 35. Qc2 Bd8 36. a4 Bb6 37. Bxb6 Nxb6 38. axb5 axb5 39. Bxb5 Qa1+
40. Bf1 Qd4+ 41. Qf2 Qxb4 42. Qe3 Nd7 43. Kf2 Nc5 44. Kf3 Kf8 45. Be2 Ke7 46.
Bd1 Qb1 47. Be2 Kf6 48. Bc4 Qd1+ 49. Be2 Qd4 50. Bb5 Ke7 51. Be2 Kd8 52. Bb5
Kc7 53. Be2 Kb6 54. Bf1 g5 55. fxg6 fxg6 56. Qe2 Kc7 57. h4 Kd8 58. Qe3 Ke7 59.
g3 Qd1+ 60. Qe2 Qb1 61. Bg2 h5 62. Kf2 Nd3+ 63. Ke3 Ne1 64. Kf2 Nc2 65. Bf3
Qb6+ 66. Kg2 Nd4 67. Qe3 Qb2+ 68. Kh3 Kd7 69. Bd1 Qb5 70. Kg2 Kc7 71. Qc1+ Kb6
72. Qe3 Qb2+ 73. Kh3 Qb1 74. Bf3 Qf1+ 75. Bg2 Qf7 76. Qd2 Qd7+ 77. Kh2 Qb5 78.
Kh3 Qb3 79. Kh2 Kb5 80. Bf1+ Ka4 81. Bg2 Qc2 82. Qxc2+ Nxc2 83. Bh3 Kb4 84. Be6
Ne3 85. Kh3 Kc4 86. Bf7 Ng4 87. Bxg6 Nf6 88. Bxh5 Nxh5 89. Kg4 Kd4 90. Kxh5
Kxe4 91. g4 Kd4 92. g5 e4 93. g6 e3 94. g7 e2 95. g8=Q e1=Q 96. Qe6 Qg3 97.
Qg4+ Qxg4+ 98. Kxg4 Kxd5 99. Kf5 1-0

[Event "12sen.WM-H Naumburg"]
[Site "Naumburg/Saale(20.10.-03.11.)"]
[Date "2002.10.31"]
[Round "9"]
[White "Assmann, Hans"]
[Black "Franz, Siegfried"]
[Result "0-1"]
[WhiteElo "1575"]
[BlackElo "1794"]
[PlyCount "62"]
[EventDate "2002.11.??"]

1. b3 e5 2. Bb2 d6 3. e3 Nc6 4. Nf3 Nf6 5. h3 g6 6. d3 Bg7 7. Nbd2 O-O 8. Nh2
a5 9. Be2 a4 10. bxa4 Rxa4 11. c4 Ra7 12. O-O Bd7 13. f4 exf4 14. exf4 Nh5 15.
Bxg7 Nxg7 16. Ng4 Qe7 17. Re1 Re8 18. Nf3 Bxg4 19. hxg4 Qf6 20. g3 Rea8 21. Qd2
Nd4 22. Kg2 Nxf3 23. Bxf3 Ne6 24. g5 Qd4 25. Reb1 Nc5 26. Qc2 c6 27. Be2 Ra3
28. Rb2 Nxd3 29. Bxd3 Rxd3 30. Rc1 Raa3 31. Rb3 Rd2+ 0-1

[Event "12sen.WM-H Naumburg"]
[Site "Naumburg/Saale(20.10.-03.11.)"]
[Date "2002.10.31"]
[Round "9"]
[White "Axnich, Hellmuth"]
[Black "Kraemer, Marianne"]
[Result "0-1"]
[WhiteElo "1364"]
[BlackElo "1480"]
[PlyCount "68"]
[EventDate "2002.11.??"]

1. d4 d5 2. c4 Nf6 3. Nc3 e6 4. Bg5 c6 5. Nf3 h6 6. Bh4 Be7 7. Bxf6 Bxf6 8. e3
b6 9. cxd5 exd5 10. Be2 O-O 11. h3 Na6 12. a3 Nc7 13. O-O Re8 14. b4 a6 15. Rc1
Bb7 16. Bd3 b5 17. Bb1 g6 18. Ne2 Ne6 19. Qd3 Kg7 20. Rfe1 Qd6 21. Ng3 Nf8 22.
e4 dxe4 23. Nxe4 Qf4 24. Nxf6 Qxf6 25. Ne5 Rad8 26. Nf3 Rxe1+ 27. Rxe1 Ne6 28.
Rd1 Nf4 29. Qe3 Nd5 30. Qb3 Nf4 31. Rd2 Bc8 32. Ba2 Be6 33. Qb2 Bd5 34. Bxd5
Rxd5 0-1

[Event "12sen.WM-H Naumburg"]
[Site "Naumburg/Saale(20.10.-03.11.)"]
[Date "2002.10.31"]
[Round "9"]
[White "Bakalarczyk, Wlodimierz"]
[Black "Dille, Janis"]
[Result "1-0"]
[WhiteElo "2003"]
[BlackElo "2158"]
[PlyCount "63"]
[EventDate "2002.11.??"]

1. d4 e6 2. c4 Nf6 3. Nc3 d5 4. Bg5 Nbd7 5. e3 c6 6. cxd5 exd5 7. Bd3 Bd6 8.
Qc2 h6 9. Bh4 O-O 10. Nf3 Qe7 11. O-O g5 12. Bg3 Bxg3 13. hxg3 Nh5 14. e4 dxe4
15. Nxe4 f5 16. Nc5 Nxc5 17. dxc5 f4 18. Bc4+ Kg7 19. Qc3+ Rf6 20. gxf4 Nxf4
21. b4 a5 22. Rfe1 Qf8 23. a3 axb4 24. axb4 Rxa1 25. Qxa1 Kg6 26. Ne5+ Kg7 27.
Qd4 h5 28. Nf7 g4 29. Nd6 Kg6 30. Qe4+ Bf5 31. Qxf4 Be6 32. Bd3+ 1-0

[Event "12sen.WM-H Naumburg"]
[Site "Naumburg/Saale(20.10.-03.11.)"]
[Date "2002.10.31"]
[Round "9"]
[White "Barlo, Werner"]
[Black "Till, Heinz"]
[Result "1-0"]
[WhiteElo "1675"]
[BlackElo "1389"]
[PlyCount "75"]
[EventDate "2002.11.??"]

1. d4 d5 2. Bf4 Nc6 3. Nf3 e6 4. e3 Nf6 5. h3 h6 6. Bb5 Bd7 7. Nbd2 a6 8. Bd3
Be7 9. O-O b5 10. c3 O-O 11. e4 Nh7 12. Qc2 f5 13. exd5 exd5 14. Rae1 Rf6 15.
Re2 Nf8 16. Rfe1 Be6 17. Ne5 Na5 18. Ndf3 Nb7 19. Nc6 Qd7 20. Nxe7+ Qxe7 21.
Re5 Qf7 22. R5e2 Ng6 23. Ne5 Nxe5 24. Bxe5 Rg6 25. Kh2 Rf8 26. Kh1 Nd8 27. Qd2
Nc6 28. Bxc7 Rf6 29. Bd6 Re8 30. Be5 Nxe5 31. Rxe5 f4 32. f3 g5 33. Bb1 Qd7 34.
Qc2 Qf7 35. a3 Rf8 36. Qe2 Re8 37. Ba2 Kf8 38. Bxd5 1-0